<?xml version="1.0" encoding="UTF-8"?>
<record
    xmlns:xsi="http://www.w3.org/2001/XMLSchema-instance"
    xsi:schemaLocation="http://www.loc.gov/MARC21/slim http://www.loc.gov/standards/marcxml/schema/MARC21slim.xsd"
    xmlns="http://www.loc.gov/MARC21/slim">

  <leader>00641nam a22001337a 4500</leader>
  <datafield tag="040" ind1=" " ind2=" ">
    <subfield code="c">RUA</subfield>
  </datafield>
  <datafield tag="082" ind1=" " ind2=" ">
    <subfield code="a">FOR SO 2010 B139 Or.1</subfield>
  </datafield>
  <datafield tag="100" ind1=" " ind2=" ">
    <subfield code="a">SO, VISOTH.</subfield>
  </datafield>
  <datafield tag="245" ind1=" " ind2=" ">
    <subfield code="a">Study on weld elephant situation of prey long area at sandan district kampong thom province, &#x179F;&#x17B7;&#x1780;&#x17D2;&#x179F;&#x17B6;&#x1796;&#x17B8;&#x179F;&#x17D2;&#x1790;&#x17B6;&#x1793;&#x1797;&#x17B6;&#x1796;&#x178A;&#x17C6;&#x179A;&#x17B8;&#x1796;&#x17D2;&#x179A;&#x17C3;&#x1780;&#x17D2;&#x1793;&#x17BB;&#x1784;&#x178F;&#x17C6;&#x1794;&#x1793;&#x17CB;&#x1796;&#x17D2;&#x179A;&#x17C3;&#x17A1;&#x1784;&#x17CB;&#x179F;&#x17D2;&#x179A;&#x17BB;&#x1780;&#x179F;&#x178E;&#x17D2;&#x178A;&#x17B6;&#x1793;&#x17CB; &#x1781;&#x17C1;&#x178F;&#x17D2;&#x178F;&#x1780;&#x17C6;&#x1796;&#x1784;&#x17CB;&#x1792;&#x17C6;</subfield>
  </datafield>
  <datafield tag="260" ind1=" " ind2=" ">
    <subfield code="a">Phnom Penh</subfield>
    <subfield code="b">RUA</subfield>
    <subfield code="c">2010 </subfield>
  </datafield>
  <datafield tag="300" ind1=" " ind2=" ">
    <subfield code="a">ix; 45p.</subfield>
    <subfield code="b">ill.</subfield>
    <subfield code="c">29cm.</subfield>
  </datafield>
  <datafield tag="856" ind1=" " ind2=" ">
    <subfield code="u">https://drive.google.com/file/d/1Shgjr6TON2HMIa_ndRJNsBnvAzI1Szwi/view?usp=sharing</subfield>
  </datafield>
  <datafield tag="942" ind1=" " ind2=" ">
    <subfield code="c">FOR</subfield>
  </datafield>
  <datafield tag="999" ind1=" " ind2=" ">
    <subfield code="c">3395</subfield>
    <subfield code="d">3395</subfield>
  </datafield>
  <datafield tag="952" ind1=" " ind2=" ">
    <subfield code="0">0</subfield>
    <subfield code="1">0</subfield>
    <subfield code="2">ddc</subfield>
    <subfield code="4">0</subfield>
    <subfield code="6">FOR_SO_2010_000000000000000_B139_OR_1</subfield>
    <subfield code="7">0</subfield>
    <subfield code="9">16050</subfield>
    <subfield code="a">LBB</subfield>
    <subfield code="b">LBB</subfield>
    <subfield code="c">B139</subfield>
    <subfield code="d">2015-11-13</subfield>
    <subfield code="o">FOR SO 2010 B139 Or.1</subfield>
    <subfield code="p">RUA026180</subfield>
    <subfield code="r">2015-11-13</subfield>
    <subfield code="w">2015-11-13</subfield>
    <subfield code="y">FOR</subfield>
  </datafield>
  <datafield tag="952" ind1=" " ind2=" ">
    <subfield code="0">0</subfield>
    <subfield code="1">0</subfield>
    <subfield code="2">ddc</subfield>
    <subfield code="4">0</subfield>
    <subfield code="6">FOR_SO_2010_000000000000000_B139_OR_2</subfield>
    <subfield code="7">0</subfield>
    <subfield code="9">16051</subfield>
    <subfield code="a">LBB</subfield>
    <subfield code="b">LBB</subfield>
    <subfield code="c">B139</subfield>
    <subfield code="d">2015-11-13</subfield>
    <subfield code="o">FOR SO 2010 B139 Or.2</subfield>
    <subfield code="p">RUA026482</subfield>
    <subfield code="r">2015-11-13</subfield>
    <subfield code="w">2015-11-13</subfield>
    <subfield code="y">FOR</subfield>
  </datafield>
  <datafield tag="952" ind1=" " ind2=" ">
    <subfield code="0">0</subfield>
    <subfield code="1">0</subfield>
    <subfield code="2">ddc</subfield>
    <subfield code="4">0</subfield>
    <subfield code="6">FOR_SO_2010_000000000000000_B139_OR_3</subfield>
    <subfield code="7">0</subfield>
    <subfield code="9">16052</subfield>
    <subfield code="a">LBB</subfield>
    <subfield code="b">LBB</subfield>
    <subfield code="c">B139</subfield>
    <subfield code="d">2015-11-13</subfield>
    <subfield code="o">FOR SO 2010 B139 Or.3</subfield>
    <subfield code="p">RUA027807</subfield>
    <subfield code="r">2015-11-13</subfield>
    <subfield code="w">2015-11-13</subfield>
    <subfield code="y">FOR</subfield>
  </datafield>
  <datafield tag="952" ind1=" " ind2=" ">
    <subfield code="0">0</subfield>
    <subfield code="1">0</subfield>
    <subfield code="2">ddc</subfield>
    <subfield code="4">0</subfield>
    <subfield code="6">FOR_SO_2010_000000000000000_B139_OR_4</subfield>
    <subfield code="7">0</subfield>
    <subfield code="9">16053</subfield>
    <subfield code="a">LBB</subfield>
    <subfield code="b">LBB</subfield>
    <subfield code="c">B139</subfield>
    <subfield code="d">2015-11-13</subfield>
    <subfield code="o">FOR SO 2010 B139 Or.4</subfield>
    <subfield code="p">RUA027663</subfield>
    <subfield code="r">2015-11-13</subfield>
    <subfield code="w">2015-11-13</subfield>
    <subfield code="y">FOR</subfield>
  </datafield>
  <datafield tag="952" ind1=" " ind2=" ">
    <subfield code="0">0</subfield>
    <subfield code="1">0</subfield>
    <subfield code="2">ddc</subfield>
    <subfield code="4">0</subfield>
    <subfield code="6">FOR_SO_2010_000000000000000_B139_OR_5</subfield>
    <subfield code="7">0</subfield>
    <subfield code="9">16054</subfield>
    <subfield code="a">LBB</subfield>
    <subfield code="b">LBB</subfield>
    <subfield code="c">B139</subfield>
    <subfield code="d">2015-11-13</subfield>
    <subfield code="o">FOR SO 2010 B139 Or.5</subfield>
    <subfield code="p">RUA027684</subfield>
    <subfield code="r">2015-11-13</subfield>
    <subfield code="w">2015-11-13</subfield>
    <subfield code="y">FOR</subfield>
  </datafield>
  <datafield tag="952" ind1=" " ind2=" ">
    <subfield code="0">0</subfield>
    <subfield code="1">0</subfield>
    <subfield code="2">ddc</subfield>
    <subfield code="4">0</subfield>
    <subfield code="6">FOR_SO_2010_000000000000000_B139_OR_6</subfield>
    <subfield code="7">0</subfield>
    <subfield code="9">16055</subfield>
    <subfield code="a">LBB</subfield>
    <subfield code="b">LBB</subfield>
    <subfield code="c">B139</subfield>
    <subfield code="d">2015-11-13</subfield>
    <subfield code="o">FOR SO 2010 B139 Or.6</subfield>
    <subfield code="p">RUA027640</subfield>
    <subfield code="r">2015-11-13</subfield>
    <subfield code="w">2015-11-13</subfield>
    <subfield code="y">FOR</subfield>
  </datafield>
  <datafield tag="952" ind1=" " ind2=" ">
    <subfield code="0">0</subfield>
    <subfield code="1">0</subfield>
    <subfield code="2">ddc</subfield>
    <subfield code="4">0</subfield>
    <subfield code="6">FOR_SO_2010_000000000000000_B139_OR_7</subfield>
    <subfield code="7">0</subfield>
    <subfield code="9">16056</subfield>
    <subfield code="a">LBB</subfield>
    <subfield code="b">LBB</subfield>
    <subfield code="c">B139</subfield>
    <subfield code="d">2015-11-13</subfield>
    <subfield code="o">FOR SO 2010 B139 Or.7</subfield>
    <subfield code="p">RUA027920</subfield>
    <subfield code="r">2015-11-13</subfield>
    <subfield code="w">2015-11-13</subfield>
    <subfield code="y">FOR</subfield>
  </datafield>
  <datafield tag="952" ind1=" " ind2=" ">
    <subfield code="0">0</subfield>
    <subfield code="1">0</subfield>
    <subfield code="2">ddc</subfield>
    <subfield code="4">0</subfield>
    <subfield code="6">FOR_SO_2010_000000000000000_B139_OR_8</subfield>
    <subfield code="7">0</subfield>
    <subfield code="9">16057</subfield>
    <subfield code="a">LBB</subfield>
    <subfield code="b">LBB</subfield>
    <subfield code="c">B139</subfield>
    <subfield code="d">2015-11-13</subfield>
    <subfield code="o">FOR SO 2010 B139 Or.8</subfield>
    <subfield code="p">RUA027591</subfield>
    <subfield code="r">2015-11-13</subfield>
    <subfield code="w">2015-11-13</subfield>
    <subfield code="y">FOR</subfield>
  </datafield>
</record>
